Diccionario ilustrado en color de plantas de jardín con plantas de interior y de invernadero / (Record no. 78781)

MARC details
000 -LEADER
campo de control de longitud fija 00837nam a2200217 i 4500
001 - NÚMERO DE CONTROL
campo de control 78781
003 - IDENTIFICADOR DE NÚMERO DE CONTROL
campo de control ES-MaACL
005 - FECHA Y HORA DE LA ÚLTIMA TRANSACCIÓN
campo de control 20230906173819.0
007 - CAMPO FIJO DE DESCRIPCIÓN FÍSICA--INFORMACIÓN GENERAL
campo de control de longitud fija t|
008 - DATOS DE LONGITUD FIJA--INFORMACIÓN GENERAL
campo de control de longitud fija 041018s1970 sp ||||1| spa d
100 1# - ENTRADA PRINCIPAL--NOMBRE DE PERSONA
Nombre de persona Hay, Roy.
9 (RLIN) 62181
245 10 - MENCIÓN DEL TÍTULO
Título Diccionario ilustrado en color de plantas de jardín con plantas de interior y de invernadero /
Mención de responsabilidad, etc. Roy Hay y Patrick M. Synge ; con un prólogo de Aberconway ; [versión, Jaime Isern Arús, Pedro Cairó Arqué y Miguel Alcaraz Medrano].
260 ## - PUBLICACIÓN, DISTRIBUCIÓN, ETC.
Lugar de publicación, distribución, etc. Barcelona :
Nombre del editor, distribuidor, etc. Gustavo Gili,
Fecha de publicación, distribución, etc. [1970]
300 ## - DESCRIPCIÓN FÍSICA
Extensión XVII, 364 p., 127 lám. ;
Dimensiones 31 cm.
700 1# - ENTRADA AGREGADA--NOMBRE PERSONAL
Nombre de persona Synge, Patrick M.
9 (RLIN) 108976
700 1# - ENTRADA AGREGADA--NOMBRE PERSONAL
Nombre de persona Aberconway.
9 (RLIN) 18092
700 1# - ENTRADA AGREGADA--NOMBRE PERSONAL
Nombre de persona Isern Arús, Jaime.
9 (RLIN) 65557
700 1# - ENTRADA AGREGADA--NOMBRE PERSONAL
Nombre de persona Cairó Arqué, Pedro.
9 (RLIN) 33485
700 1# - ENTRADA AGREGADA--NOMBRE PERSONAL
Nombre de persona Alcaraz Medrano, Miguel.
9 (RLIN) 19517
852 ## - LOCALIZACIÓN
Ubicación ES-MaACL
Número de control de estantería C-41699
Sublocalización o colección R.75661
Holdings
Estatus retirado Estado de pérdida Estado de daño No para préstamo Colección Biblioteca de origen Biblioteca actual Ubicación en estantería Fecha de adquisición Fuente de adquisición Total de préstamos Signatura topográfica completa Código de barras Visto por última vez Precio de reemplazo Tipo de ítem Koha
        Colección de referencia Biblioteca del Ateneo de Madrid Biblioteca del Ateneo de Madrid Depósito 2 17/01/2008     C-41699 1082394 23/02/2023 23/02/2023 Libro impreso